000 00740cab a2200241 4500
001 WB3108-11
008 090401t1995 xxu||||| |||| 00| 0 eng d
035 _a(Sirsi) u9502
041 _aeng
245 _aGreen warning to aviation industry
260 _c1995
350 _a0
490 _aFinancial Times
_v22 February 1995, 9(1)
520 _aGovernment has warned the aviation industry that it could face the same environmental opposition as the road transport sector.
650 _aAIRPORT DEVELOPMENT
650 _aAIRPORTS
650 _aAVIATION INDUSTRY
650 _aENVIRONMENTAL ISSUES
690 _aENVIRONMENTAL AND LAND CONSULTANCY
690 _aTRANSPORT AND COMMUNICATIONS
942 _n0
948 _c04/03/1997
999 _c5945
_d5945